[Event "EU-chT (Men) 15th"]
[Site "Gothenburg"]
[Date "2005.07.31"]
[Round "2.1"]
[White "Georgiev, Kiril"]
[Black "Kotronias, Vasilios"]
[Result "1/2-1/2"]
[WhiteElo "2666"]
[BlackElo "2587"]
[Annotator "Mueller,Karsten"]
[PlyCount "156"]
[EventDate "2005.07.30"]
[EventType "team-swiss"]
[EventRounds "9"]
[EventCountry "SWE"]
[SourceTitle "CBM 109"]
[Source "ChessBase"]
[SourceDate "2005.11.14"]
[SourceVersion "1"]
[SourceVersionDate "2005.11.14"]
[SourceQuality "1"]
[WhiteTeam "Bulgaria"]
[BlackTeam "Greece"]
[WhiteTeamCountry "BUL"]
[BlackTeamCountry "GRE"]

{[%mdl 256]} 1. d4 Nf6 2. Bg5 Ne4 3. Bf4 c5 4. f3 Qa5+ 5. c3 Nf6 6. Nd2 cxd4 7.
Nb3 Qd8 8. cxd4 e6 9. e4 Bb4+ 10. Bd2 Bxd2+ 11. Qxd2 O-O 12. Bd3 d6 13. Ne2 Nc6
14. O-O Qb6 15. Qe3 e5 16. Qf2 d5 17. exd5 Nxd5 18. Be4 Be6 19. dxe5 Nxe5 20.
Qxb6 Nxb6 21. Bxb7 Rab8 22. Be4 Na4 23. Ned4 Bd7 24. Rf2 Rfc8 25. h3 g6 26. Re1
Nc4 27. Ree2 Kf8 28. Rc2 Ne3 29. Rcd2 Nc4 30. Rde2 a5 31. Rc2 Rb4 32. a3 Rb6
33. Bc6 Bxc6 34. Rxc4 Bd7 35. Rxc8+ Bxc8 36. Rc2 Bd7 37. Nxa5 Nxb2 38. Nc4 Nxc4
39. Rxc4 Rb1+ 40. Kh2 Rd1 41. Rb4 g5 42. Nb3 Be6 43. Nc5 Bd5 44. a4 Rd2 45. Kg1
Rd1+ 46. Kf2 Rd2+ 47. Kf1 Ra2 48. Kg1 Ra1+ 49. Kh2 Ra2 50. Ne4 Bxe4 51. Rxe4
Kg7 52. h4 h6 53. h5 Ra1 54. Rb4 Ra3 55. Kg3 Ra2 56. f4 gxf4+ 57. Rxf4 f5 58.
Kf3 $2 {After this, Black's king can play a more active and effective part.
Danach kann sich der schwarze König wirkungsvoll aktivieren. Mit} ({Following} 
58. Kh4 $1 {this could have been made more difficult to achieve and I estimate
that Black could no longer hang on, e.g. konnte dies sehr erschwert werden und
ich vermute, dass sich Schwarz nicht mehr halten kann, z.B.} Ra1 59. g4 Rh1+
60. Kg3 fxg4 61. Kxg4 Rg1+ 62. Kf3 Rf1+ 63. Ke3 Re1+ 64. Kd3 Re5 65. Rh4 Kf6
66. Kc4 Kf5 (66... Kg5 67. Rd4 $18) 67. Kb4 Re1 68. Rc4 Rb1+ 69. Ka3 $18) 58...
Ra3+ 59. Ke2 Kf6 60. g4 Kg5 61. Rxf5+ Kxg4 62. Ra5 Kf4 63. Kd2 Ke4 64. Ra6 (64.
Kc2 Kd4 65. Kb2 Rh3 66. Rf5 Kc4 67. a5 Rh2+ $11) 64... Kd4 65. Kc2 Kc4 66. Kb2
Rb3+ 67. Ka2 Rh3 68. Rxh6 Kb4 69. Rh8 Kxa4 70. h6 Rh2+ 71. Kb1 Kb3 72. Kc1 Kc3
73. Kd1 Kd3 74. Ke1 Ke3 75. Kf1 Rf2+ (75... Kf3 76. Kg1 Rg2+ 77. Kh1 Rg6 78. h7
Rf6 $11 {also works. geht ebenfalls.}) 76. Kg1 {[%tqu "En","How does Black
secure the draw?","","","f2f7","",2,"De","Wie hält Schwarz remis?","","",
"f2f7","",2]} Rf7 $1 {[%mdl 4352] This retreat tops off Kotronias' good
defensive performance. Dieser Rückzug krönt Kotronias gute
Verteidigungsleistung.} 77. Kg2 Ke4 78. h7 Kf5 1/2-1/2

[Event "Bundesliga 0506"]
[Site "Germany"]
[Date "2006.02.18"]
[Round "10.1"]
[White "Richter, Michael"]
[Black "Bischoff, Klaus"]
[Result "1/2-1/2"]
[WhiteElo "2407"]
[BlackElo "2555"]
[Annotator "Mueller,Karsten"]
[PlyCount "143"]
[EventDate "2005.10.21"]
[EventType "team-tourn"]
[EventRounds "15"]
[EventCountry "GER"]
[SourceTitle "CBM 112"]
[Source "ChessBase"]
[SourceDate "2006.06.07"]
[SourceVersion "1"]
[SourceVersionDate "2006.06.07"]
[SourceQuality "1"]
[WhiteTeam "Zehlendorf"]
[BlackTeam "Tegernsee"]
[WhiteTeamCountry "GER"]
[BlackTeamCountry "GER"]

1. d4 Nf6 2. Bg5 e6 3. e3 h6 4. Bh4 Be7 5. Bd3 b6 6. Nf3 Bb7 7. O-O c5 8. Nbd2
cxd4 9. exd4 d6 10. a4 a6 11. c3 Nbd7 12. Bg3 Nh5 13. b4 Nxg3 14. hxg3 O-O 15.
Be4 Qc7 16. Bxb7 Qxb7 17. Qb3 Rfc8 18. Rfe1 Nf6 19. c4 Rab8 20. a5 bxa5 21.
Rxa5 Qxb4 22. Qxb4 Rxb4 23. Rxa6 Bf8 24. Rc1 g5 25. Ne1 Rb2 26. Rc2 Rcb8 27.
Ra2 R2b7 28. Ra6 Rb2 29. Ra2 R2b7 30. Nd3 Bg7 31. c5 Rd7 32. c6 Rc7 33. Ra6 Kf8
34. Rb2 Rxb2 35. Nxb2 Nd5 36. Nbc4 Ke7 37. Ne4 Nb4 38. Rb6 Nxc6 39. Nexd6 Bxd4
40. Rb7 Rxb7 41. Nxb7 Nb4 42. Nba5 e5 43. Kf1 Ke6 44. g4 Nd3 45. f3 Kd5 46. Nd2
Bc3 47. Nab3 Bxd2 48. Nxd2 Nc5 49. Ke2 e4 50. fxe4+ Nxe4 51. Nf1 Ke5 52. Kf3
Kd4 53. Ne3 Nd6 54. Nc2+ Ke5 55. Ne3 Ke6 56. Nc2 Kf6 57. Nd4 Kg6 58. Ne2 h5 59.
gxh5+ Kxh5 60. Ng3+ Kg6 61. Ne2 f6 62. Nd4 Nf5 63. Nxf5 Kxf5 64. g4+ Ke5 65.
Ke3 Kd6 66. Kd4 Kd7 67. Kd3 Ke7 {[%tqu "De","Gelang es Michael Richter noch
seinen Laden zusammenzuhalten?","","","d3e3","Fernopposition!",3]} 68. Ke3 $1 {
[%csl Ge3,Ge7]} (68. Ke4 $2 Ke6 69. Kd4 f5 70. gxf5+ Kxf5 71. Ke3 Kg4 72. Kf2
Kh3 {[%csl Gf3,Gg3,Gh3] und der schwarze König hat die Schlüsselfelder seines
Bauern erreicht und gewinnt nun wie üblich:} 73. Kg1 g4 74. Kh1 g3 75. Kg1 g2
76. Kf2 Kh2 $19) (68. Kd4 $2 Kd6 69. Ke4 Ke6 $19) (68. Kd2 $2 Kd6 {[%csl Gd2,
Gd6]} 69. Ke2 Ke6 70. Kd2 f5 71. gxf5+ Kxf5 72. Ke3 Kg4 73. Kf2 Kh3 $19) 68...
Ke8 69. Ke2 {[%csl Ge2,Ge8] Erneut Fernopposition, diesmal die ganz weite
Variante.} Kd8 70. Kd2 Kc8 71. Kc2 Kc7 72. Kc3 1/2-1/2

[Event "ISR-chT"]
[Site "Ramat Aviv"]
[Date "2000.05.12"]
[Round "11.3"]
[White "Birnboim, Nathan"]
[Black "Oratovsky, Michael"]
[Result "0-1"]
[WhiteElo "2398"]
[BlackElo "2491"]
[Annotator "Oratovsky,M"]
[PlyCount "48"]
[EventDate "2000.01.14"]
[EventType "team"]
[EventRounds "11"]
[EventCountry "ISR"]
[SourceTitle "CBM 077"]
[Source "ChessBase"]
[SourceDate "2000.07.27"]
[SourceVersion "1"]
[SourceVersionDate "2000.07.27"]
[SourceQuality "1"]
[WhiteTeam "Jerusalem Elitzur"]
[BlackTeam "Petah Tikva Elitzur"]
[WhiteTeamCountry "ISR"]
[BlackTeamCountry "ISR"]

1. d4 d6 2. Nc3 Nf6 3. Bg5 $6 {Dubious move in my opinion.At first white has
to develope pieses of the kingside and darksquare bishop comes in the game
later.} Nbd7 4. e4 (4. Nf3 c6 (4... e5 5. e4 Be7 6. Be2 O-O 7. O-O h6 8. Bh4 c6
9. a4 Re8 10. Bg3 Nh5 $11 {1/2-1/2 Smirnov,A-Kodinets,K/RUS-chT 1995 (15)}) 5.
e4 e5 6. dxe5 dxe5 7. Bc4 Be7 8. O-O O-O $11 {Trommsdorf,F-Manouck,T/Paris-ch
1993/0-1 (54)}) 4... e5 5. f4 $6 $146 {Another inaccurasy.Now white forsed to
change the bishop and his pawn centre becomes an object for the attack.Better
was} (5. Nge2 c6 6. f3 Qb6 7. Rb1 Be7 8. Be3 O-O 9. Ng3 g6 10. Qd2 Qc7 11. Be2
b5 12. O-O b4 13. Nd1 exd4 14. Bxd4 d5 $13 {1/2-1/2 Sokolov,I-Adams,M/Elenite
1993 (55)}) 5... h6 6. Bxf6 Qxf6 $15 {[%csl Rd4,Rf4,Gf8]} 7. Nf3 {White
sacrifices pawn,looking for the initiative.Other moves promises black better
play.} (7. Nge2 exf4 8. Nd5 Qh4+ $15) (7. dxe5 $2 Qxf4 $1 8. exd6 Bxd6 $17 {
[%cal Gd6b4]}) (7. fxe5 dxe5 8. d5 Bb4 $15 {[%csl Gb4,Re4][%cal Gf6h4,Yd7c5]})
7... Qxf4 8. Be2 {[%cal Gc3d5,Gc3b5]} c6 9. O-O Qe3+ 10. Kh1 exd4 $6 {
inaccurasy,safer was} (10... Be7 11. Bc4 (11. dxe5 dxe5 12. Bc4 O-O {[%cal
Ge7f6]}) 11... exd4 12. Nxd4 Ne5 $17) 11. Nxd4 Ne5 {[%tqu "En","","","","d4b5",
"",10]} 12. Ndb5 $8 cxb5 13. Nd5 Qxe4 $8 (13... Qc5 $2 14. b4 Qc6 15. Bxb5 $1
$18) 14. Rf4 $8 (14. Nc7+ Kd8 15. Nxa8 b6 $19 {[%csl Ra8][%cal Gc8b7]}) 14...
Qg6 15. Nc7+ Kd8 16. Nxa8 Bd7 $1 17. Qd4 {also after} (17. Qd2 {[%cal Gd2a5]}
b6 $8 {[%cal Gd7c6]} 18. Re1 {blacks chanses are better in all variations.} Be7
{[%cal Ge7g5,Gd7c6]} (18... Bc6 19. Bxb5 Bxb5 (19... Bxa8 20. Rxe5 Bxg2+ 21.
Qxg2 Qxg2+ 22. Kxg2 dxe5 23. Rxf7 $14) 20. Rxe5 Bc6 21. Ref5 Bxa8 22. Rxf7 Be7
$17) 19. Bd3 Nxd3 20. Qxd3 Qxd3 21. cxd3 Bf6 $19) (17. Qg1 Bc6 $17 {[%csl Ra8]
[%cal Gd8c8,Gc8b8]}) 17... Nc6 $8 (17... Bc6 18. Rf2 b6 19. Nxb6 Qe4 20. c3 $1
(20. Qxe4 Bxe4 $17 {[%csl Rb6]}) 20... Kc7 21. Na8+ Kb8 22. Nc7 $36) 18. Qf2
Qxc2 19. Rxf7 (19. Bxb5 Qxf2 20. Rxf2 Ne5 21. Bxd7 Kxd7 22. Rc1 Be7 23. Nc7 Rc8
24. Rfc2 Bg5 $19) 19... Be7 20. Rd1 (20. Bxb5 Qxf2 21. Rxf2 Ne5 22. a4 Bc6 $19
{[%cal Gd8d7]}) 20... Re8 $1 {[%csl Ra8][%cal Gd8c8,Gc8b8]} ({Doesn't work} 
20... Qxb2 {[%tqu "En","","","","d1d6","",10]} 21. Rxd6 $3 Bxd6 22. Rxd7+ Kc8
23. Rxd6 Kb8 (23... Re8 24. Qf7 Qc1+ 25. Bf1 Nd8 26. Qd7+ Kb8 27. Qxd8+) 24.
Nb6 $1 axb6 25. Rxc6 $132) 21. Rxg7 Kc8 22. h3 Kb8 $19 23. Qe1 Qxb2 (23... Kxa8
24. Bh5 $17) 24. Qg3 (24. Rh7 Kxa8 25. Bh5 Rg8 $19) 24... Qxe2 0-1

[Event "Lingen Gutman 70"]
[Site "Lingen"]
[Date "2015.09.24"]
[Round "3"]
[White "Harika, Dronavalli"]
[Black "Pap, Misa"]
[Result "1-0"]
[WhiteElo "2508"]
[BlackElo "2488"]
[Annotator "Palliser,R"]
[PlyCount "61"]
[EventDate "2015.09.22"]
[EventType "tourn"]
[EventRounds "9"]
[EventCountry "GER"]
[EventCategory "10"]
[SourceTitle "EXT 2016"]
[Source "ChessBase"]
[SourceDate "2015.10.08"]
[SourceVersion "1"]
[SourceVersionDate "2015.10.08"]
[SourceQuality "1"]

1. d4 Nf6 2. Bg5 e6 3. e4 c5 4. d5 ({Richard Pert's choice, rather than the
sharper and much more unclear} 4. e5 {.}) 4... d6 5. Nc3 a6 $5 {Black rules
out any notion of a check on b5 with this suggestion from Cherniaev and
Prokurnov's 'The New Old Indian'.} ({More popular, though, has been} 5... Be7
6. Bb5+ Bd7 7. dxe6 fxe6 {when White can go} 8. e5 {(which probably fizzles
out towards a draw),} ({or} 8. a4 $5 {, as we considered in Shengelia-Maurer,
St. Veit 2012.})) 6. Nf3 ({I see that Jan Timman has given Black's approach
his seal of approval, with} 6. a4 Be7 7. Be3 {(not such a bad way to avoid
potential ...Nxd5 tricks)} O-O 8. h3 exd5 9. exd5 g6 (9... Qb6 10. Rb1 Re8 11.
Nf3 Qb4 {would be a more ambitious approach}) 10. Be2 Nbd7 11. Nf3 Nh5 $5 12.
Nd2 Ng7 13. Nc4 Nb6 14. O-O Nxc4 15. Bxc4 Bd7 {looking like a reasonable
enough version of a Benoni for Black in Englert-Timman, Helsingor 2014,
despite the unusual minor piece on g7.}) 6... Be7 ({Harika's last was very
calm and quite possibly best considering that} 6... b5 {seems premature in
view of} 7. dxe6 Bxe6 (7... fxe6 $2 8. e5 $1 {should be avoided}) 8. a4 b4 9.
Bxf6 $1 Qxf6 10. Nd5 Qd8 11. Bc4 {with a pleasant edge for White.}) 7. Be2 O-O
{A recent development and very sensible, but Black is still to quite fully
equalise. Previous games had seen:} ({a)} 7... h6 8. Bh4 O-O 9. O-O exd5 10.
Bxf6 $5 Bxf6 11. Nxd5 Re8 12. c3 Nc6 (12... Rxe4 $1 13. Nd2 Re8 14. Nc4 Nc6 {
would have been critical after} 15. Ndb6 Rb8 16. Nxc8 Rxc8 {the d-pawn is
taboo and White doesn't seem to have anything better than} 17. Bg4 Rb8 18. Nxd6
Rf8 19. Ne4 Be7 {, which can't be much at all}) 13. Qc2 b5 14. Rad1 Bb7 15. a4
c4 16. Rfe1 g6 17. b3 $1 cxb3 18. Qxb3 {gave White a definite pull in
Rusev-Mantovani, Senigallia 2009.}) ({b)} 7... e5 8. a4 b6 {(slow)} 9. O-O h6
10. Be3 O-O 11. Nd2 {was already a pleasant edge for White before the
misguided break} Nh7 12. Nc4 f5 $2 13. exf5 Bxf5 14. Bg4 Bd7 15. f4 {gave him
a large advantage in Orlov-Spicer, Vancouver 1998.}) 8. O-O b5 ({The move
Black would like to make work, but Harika reacts well. As such, the
previously-seen} 8... h6 9. Be3 (9. Bf4 $5 {allows Black a tempo hit with ...
e5, but may still improve note too that here} exd5 10. Nxd5 $1 Nxe4 $2 11. Bd3
{is just very good for White, since there's no good way for Black to hold d6
in view of} Nf6 12. Nxe7+ Qxe7 13. Bxd6 $1 Qxd6 14. Bh7+) 9... exd5 {might be
a better try, holding back on ...b5 until the centre is closed. As such, White
tried} 10. Nxd5 $5 Nxe4 11. Re1 Nc6 12. Bf4 {in Rahman-Shivananda, Mumbai 2015,
but I have my doubts that this could possibly have offered him more than
enough compensation in the event of} Bf6 {, heading for e5.}) 9. dxe6 $1 Bxe6
10. e5 {Harika wastes no time blowing open the centre in a bid to put her
small developmental lead to good use.} dxe5 11. Qxd8 Bxd8 (11... Rxd8 12. Nxe5
{is also a bit awkward for Black, since his knight on b8 wants to keep
preventing Nc6 and Bf3 is coming.} Ra7 {is possible, but after, say,} 13. Rad1
Rxd1 14. Rxd1 Bf5 15. Rd2 {it's still not so easy for Black to fully untangle,
with} Rc7 16. Bf3 Nbd7 17. Ng4 $1 {retaining a definite pull for the first
player.}) 12. Nxe5 Nfd7 $6 ({Black never quite wriggles free after this and} 
12... Nbd7 {was surely more natural. Maybe} 13. Bf3 {spooked Pap, but after}
Rc8 $1 (13... Rb8 14. Nc6 Rc8 15. Rad1 {is quite awkward}) 14. Nxd7 ({or} 14.
Bxf6 Bxf6 15. Nxd7 Bxd7 16. Nd5 Bg5) 14... Nxd7 15. Bf4 Bc7 16. Bxc7 Rxc7 17.
Rad1 Nf6 {Black would have been very solid and one's money would surely have
been on a draw.}) 13. Bxd8 Rxd8 14. Rad1 {Now White has a pin to work with and
so gains an extra tempo.} Rc8 15. Bf3 Ra7 16. Nd3 $1 {White's play is rather
Karpov-like in this game, gradually accumulating small advantages. Here the
knights are retained to keep Black's position gummed up.} Kf8 $6 ({Pap's
position was unpleasant, but by now there was no time to waste:} 16... Nc6 $1
17. Nxc5 Nxc5 18. Bxc6 {does win a pawn, but after} Rac7 19. Bf3 Na4 20. Nxa4
bxa4 {it wouldn't have been so easy for White to hold her queenside together.
Best seems to be} 21. Be4 Bxa2 22. Rd2 {, but even so after} Be6 23. Ra1 Rd7 $1
{Black would have been much better off than he is in the game.}) 17. a4 $1 ({
Strong and thematic, undermining Black's advanced queenside. Also good would
have been the immediate} 17. Ne4 {, although here Black might try} Bxa2 $5 18.
Nd6 Rd8 {and hope to survive.}) 17... b4 $6 ({Now Black is simply in huge
trouble.} 17... bxa4 18. Nxa4 Bf5 19. Rd2 {would have been unpleasant, but was
a much better try,}) ({as was} 17... Nc6 $5 {, and if} 18. axb5 Nd4 19. Ra1
Nxf3+ 20. gxf3 Rca8 {, jettisoning a pawn for some freedom.}) 18. Ne4 {Now
White has pretty much everything she could want, with her knights superbly
placed and all set to crank up the pressure yet further. Once again, Black
might now have developed his final piece to c6 at the cost of a pawn, but Pap
preferred to suffer solidly:} b3 19. c3 c4 20. Nf4 {Or not so solidly perhaps
I should say. Black has kept queenside lines closed, but only at the cost of
incurring major weaknesses on the light squares, something that Harika is
quick to exploit.} Ne5 21. Nxe6+ fxe6 22. Be2 {Threatening Rd6, as well as
just to double.} Nf7 23. Rd4 Rac7 24. Nd2 {Oh dear. There's to be no reprieve
for the c4-pawn and the game is pretty much up.} Ne5 25. f4 Nec6 ({Or if} 25...
Nd3 26. Nxc4 $1 Rxc4 27. Rxd3 Rxa4 28. f5 exf5 29. Rxf5+ Kg8 30. Bd1 {with a
large initiative and advantage.}) 26. Rxc4 Nd7 {At last the knight develops,
but far, far too late in the day. Black is losing a second pawn.} 27. Nxb3 Rb8
28. Na5 $1 Rxb2 29. Bf3 Nxa5 30. Rxc7 Nb6 31. Rd1 1-0

[Event "Syre Memorial op 32nd"]
[Site "Issy les Moulineaux"]
[Date "2009.05.23"]
[Round "4"]
[White "Payen, Arnaud"]
[Black "Guliyev, Namig"]
[Result "1/2-1/2"]
[WhiteElo "2356"]
[BlackElo "2534"]
[Annotator "Payen,A/Primel,D"]
[PlyCount "35"]
[EventDate "2009.05.21"]
[EventType "swiss"]
[EventRounds "6"]
[EventCountry "FRA"]
[SourceTitle "EXT 2010"]
[Source "ChessBase"]
[SourceDate "2010.11.25"]
[SourceVersion "1"]
[SourceVersionDate "2010.11.25"]
[SourceQuality "1"]

1. f4 {PRIMEL: Intrinsèquement, c'est une ouverture nettement plus douteuse
que la défense hollandaise mais c'est un choix intéressant pour éviter la
préparation adverse. Arnaud n'a en effet jamais pratiqué cette attaque BIRD
selon les bases} Nf6 2. Nf3 g6 3. e3 (3. b3 {Werner,G (2195)-Guliyev,N (2555)
Charleroi op 4th 2005 (1) 0-1}) 3... Bg7 4. d4 O-O 5. Bd3 c5 6. O-O cxd4 7.
exd4 b6 8. Qe2 Bb7 9. f5 $1 {Un coup que Guliyev a mésestimé!} e6 10. fxg6 hxg6
(10... fxg6 11. Bg5 Qc7 12. Nbd2 Nc6 13. c3 $14 {[%cal Ra1e1] Le jeu blanc est
plus aisé}) 11. Bg5 d6 12. Nh4 $5 {[%cal Gh4g6,Gd3g6] looking for blood!} (12.
Nbd2 $14) 12... Nbd7 13. Nxg6 $1 fxg6 14. Qxe6+ Kh8 (14... Rf7 15. Bxg6 Qe7 16.
Bxf7+ Qxf7 17. Qxf7+ $1 (17. Qxd6 {Interessant mais très risqué!}) 17... Kxf7
18. Nd2 Rg8 {[%cal Rg7h6,Gg8g2,Gb7g2]} 19. Nf3 $14) 15. Qh3+ Kg8 16. Qe6+ (16.
Bxg6 Nh5 $1 {[%cal Gg7d4]} 17. Rxf8+ Qxf8 18. Qe6+ Kh8 19. Qg4 {[%cal Gg4h5]}
Ndf6 20. Qh4 Kg8 21. Nd2 {[%cal Ga1f1] PRIMEL: Les blancs ont terminé le
développement tout en gardant des bonnes chances d'attaque а l'aile-roi}) 16...
Kh8 17. Qh3+ Kg8 18. Qe6+ (18. Bxg6 Nh5 $3 19. Rxf8+ $1 (19. Qxh5 Bxd4+ {
[%csl Rf1,Rg1]} 20. Rf2 Bxf2+ 21. Kh1 Nf6 22. Bxf6 Rxf6 23. Qh7+ Kf8 24. Nc3 (
24. Qh8+ Ke7 25. Qg7+ (25. Qh7+ Ke6 26. Qh3+ Kd5 27. Nc3+ Kc5 28. Ne4+) 25...
Ke6 $19)) (19. Bxd8 Bxd4+ 20. Rf2 Rxf2 21. Qe6+ Kg7 $19) 19... Qxf8 20. c3 $1
Nhf6 21. Qe6+ Kh8 22. Nd2 $16 {[%mdl 512] Honnêtement j'ai eu du mal а évaluer
toutes ces suites et j'ai sagement pris la nulle.}) 1/2-1/2

[Event "Mermaid Beach Club"]
[Site "Bermuda"]
[Date "1997.??.??"]
[Round "11"]
[White "Hodgson, Julian M"]
[Black "Vescovi, Giovanni P"]
[Result "1-0"]
[WhiteElo "2560"]
[BlackElo "2490"]
[Annotator "Petursson,M"]
[PlyCount "53"]
[EventDate "1997.01.??"]
[EventType "tourn"]
[EventRounds "11"]
[EventCountry "BER"]
[EventCategory "11"]
[SourceTitle "CBM 058"]
[Source "ChessBase"]
[SourceDate "1997.06.01"]
[SourceVersion "1"]
[SourceVersionDate "1997.06.01"]
[SourceQuality "1"]

1. d4 Nf6 2. Bg5 Ne4 3. Bf4 d6 4. Nd2 Nf6 5. e4 g6 6. e5 Nd5 7. Bg3 Bg7 8. Ngf3
O-O 9. Bc4 Nb6 10. Bb3 Nc6 11. O-O Bg4 12. h3 Bxf3 13. Nxf3 Na5 14. Qe1 Nxb3
15. axb3 Qd7 16. Qe4 d5 17. Qh4 h6 18. Rfe1 Qe6 19. Re3 a5 20. Rae1 a4 {
[%tqu "En","Can you find a move here that gives White a winning advantage?",
"Provoke him to play g5 and then sacrifice!","Attack his pawn on h6 with your
bishop","g3f4","RIGHT!  Of course you are not afraid of sacking on g5!",10]}
21. Bf4 g5 (21... h5 22. g4 axb3 23. Rxb3 $16) {[%tqu "En","Now you must give
up a piece for two pawns. But should you sacrifice you rknight or your
bishop?","It seems easier to defend h7 then g7","You want to be able to play
Re3-g3 quickly, and then Bh6.","f3g5","YES! you got that Hodgson way of
thinking!",10,"f4g5","",0]} 22. Nxg5 $1 (22. Bxg5 hxg5 23. Nxg5 Qh6 24. Qg4 Qg6
$13) 22... hxg5 23. Bxg5 Nc8 {[%tqu "En","What next? You should be able to
move quickly now","Threaten Bg5-h6","Put you rook on the same file as his
king","e3g3","",7]} 24. Rg3 f5 (24... f6 25. Bh6 Rf7 26. Ree3 $1 $18) 25. Bh6
Rf7 {[%tqu "En","Now force him to abandon the game","Do not give him time to
play Nc8-d6.","Add one more piece to the attack on g7.","h4g5","",6]} 26. Qg5
f4 27. Rg4 1-0